Statistics for Agatha Christie's Poirot

Click here to take the quiz!

General Stats

  • This quiz has been taken 756 times
  • The average score is 17 of 33

Answer Stats

Hint Answer % Correct
1934Murder on the Orient Express
88%
1975Curtain
78%
1937Death on the Nile
78%
1920The Mysterious Affair at Styles
75%
1936The ABC Murders
69%
1926The Murder of Roger Ackroyd
65%
1923The Murder on the Links
62%
1941Evil Under the Sun
60%
1935Death in the Clouds
59%
1936Murder in Mesopotamia
58%
1942Five Little Pigs
53%
1927The Big Four
51%
1938Hercule Poirot's Christmas
50%
1940One, Two, Buckle My Shoe
50%
1928The Mystery of the Blue Train
49%
1972Elephants Can Remember
49%
1969Hallowe'en Party
49%
1955Hickory Dickory Dock
48%
1936Cards on the Table
48%
1963The Clocks
48%
1940Sad Cypress
47%
1933Lord Edgware Dies
47%
1966Third Girl
47%
1932Peril at End House
46%
1959Cat Among the Pigeons
45%
1937Dumb Witness
44%
1946The Hollow
42%
1935Three Act Tragedy
42%
1956Dead Man's Folly
41%
1952Mrs McGinty's Dead
41%
1938Appointment With Death
39%
1953After the Funeral
37%
1948Taken at the Flood
33%

Score Distribution

Percentile by Number Answered

Percent of People with Each Score

Your Score History

You have not taken this quiz